Electrodynamics of continuous media
Saved in:
| Hovedforfatter: | |
|---|---|
| Andre forfattere: | |
| Format: | Bog |
| Sprog: | engelsk |
| Udgivet: |
Oxford
Butterworth-Heinemann
1984
|
| Udgivelse: | 2a. ed |
| Serier: | Course of Theoretical Physics, 8
|
| Fag: | |
| Tags: |
Tilføj Tag
Ingen Tags, Vær først til at tagge denne postø!
|
MARC
| LEADER | 00000nam a2200000 a 4500 | ||
|---|---|---|---|
| 001 | UCL7660 | ||
| 003 | CL-VaPUC | ||
| 008 | 040528e19840000UK |||||||||||||||||eng|d | ||
| 020 | |a 0750626348 | ||
| 082 | 0 | 4 | |a 537.6 |b LAN |2 21 |
| 100 | |a Landau, Lev Davidovich |e author |9 579218 | ||
| 700 | |a Lifshitz, Eugenii Mikhailovich |e autor |9 561317 | ||
| 245 | 1 | 0 | |a Electrodynamics of continuous media |
| 250 | |a 2a. ed | ||
| 300 | |a 460 p | ||
| 942 | |c BK | ||
| 945 | |d 20040528 00:00:00 |a cmena | ||
| 260 | |a Oxford |b Butterworth-Heinemann |c 1984 | ||
| 650 | 0 | |a Electricidad |9 260222 | |
| 650 | 7 | |a PROPIEDADES DIELECTRICAS |2 CL-VaPUC |9 351593 | |
| 650 | 0 | |a Circuitos eléctricos |9 260262 | |
| 650 | 7 | |a CORRIENTES CONTINUAS |2 CL-VaPUC |9 324433 | |
| 650 | 0 | |a Electromagnetismo |9 260123 | |
| 650 | 7 | |a SUPERCONDUCTIVIDAD |2 CL-VaPUC |9 314465 | |
| 650 | 7 | |a CAMPOS ELECTRICOS |2 CL-VaPUC |9 485506 | |
| 650 | 0 | |a Propagación de ondas |9 263256 | |
| 583 | |a last modification |c 20040528 00:00:00 |k Rodrigo Vera | ||
| 490 | 0 | |a Course of Theoretical Physics, 8 | |
| 999 | |c 309290 |d 309288 | ||
| 952 | |0 0 |1 0 |4 0 |6 537_600000000000000_LAN_1984 |7 0 |8 A |9 376700 |a BIBCUR |b BIBCUR |d 2019-11-21 |i 4020545 |o 537.6 LAN 1984 |p 4020545 |r 2025-04-22 |w 2019-11-21 |y BK |k FIS | ||